000 00873nam a2200253 a 4500
001 BRCA_4393
005 20190320204643.0
008 870825s1985 mx-a#####b---f000-0#spa-#
020 _a968892007X
041 _aspa
044 _amx
050 4 _aF1232
_b.I53 1985
245 1 0 _aLa independencia de México
_batlas histórico.
260 _aMéxico
_bInstituto Nacional de Estadística, Geografía e Informática
_c1985
300 _a125 p.
_bil. (algunas a color)
_c32 cm.
500 _aIncluye índice de ilustraciones
500 _aColección Sonia Corcuera de Mancera
504 _aBibliografía: p. 123
651 4 _aMéxico
_xHistoria
_yGuerra de Independencia, 1810-1821
_911161
651 4 _aMéxico
_xGeografía histórica
_9540
710 2 _aInstituto Nacional de Estadística, Geografía e Informática (México)
_911162
902 _aDSC
942 _2lcc
_cB
999 _c4104
_d4104